Memorias de Ramsés el grande

Gardado en:
Detalles Bibliográficos
Autor Principal: Lalouette, Claire (Author)
Formato: Libro
Idioma:Lingua castelá
Publicado: Barcelona Crítica 1994
Subjects:
Tags: Engadir etiqueta
Sen Etiquetas, Sexa o primeiro en etiquetar este rexistro!

MARC

LEADER 00000nam a2200000 a 4500
001 UCM9770
003 CL-VaPUC
008 030516e19940000SP |||||||||||||||||spa|d
082 0 4 |a 932.014  |b LAL  |2 21 
100 0 |a Lalouette, Claire  |e author  |9 476376 
245 1 0 |a Memorias de Ramsés el grande 
300 |a 210 p 
942 |c BK 
945 |d 20030516 00:00:00  |a cmena 
260 |a Barcelona  |b Crítica  |c 1994 
600 0 7 |a RAMSES II  |2 CL-VaPUC  |9 476377 
650 7 |a HISTORIA DE EGIPTO  |2 CL-VaPUC  |9 445426 
650 0 |a Biografías  |9 255210 
651 0 |a Egipto   |9 268199 
583 |a last modification  |c 20030516 00:00:00  |k Rodrigo Vera 
999 |c 303898  |d 303896 
952 |0 0  |1 0  |4 0  |6 932_014000000000000_LAL_1994  |7 0  |8 A  |9 365490  |a BIBHIS  |b BIBHIS  |d 2019-11-21  |i 3889939  |o 932.014 LAL 1994  |p 3889939  |r 2025-01-20  |w 2019-11-21  |y BK  |k HIS